[Event "La Piazzetta op 1st"]
[Site "Casalpusterlengo"]
[Date "2014.10.04"]
[Round "2"]
[White "Poletti, Guido"]
[Black "Marchesotti, Giovanni"]
[Result "1/2-1/2"]
[WhiteElo "1541"]
[BlackElo "1462"]
[PlyCount "42"]
[EventDate "2014.10.03"]
[EventType "swiss"]
[EventRounds "5"]
[EventCountry "ITA"]
[SourceTitle "EXT 2016"]
[Source "ChessBase"]
[SourceDate "2015.10.08"]
[SourceVersion "1"]
[SourceVersionDate "2015.10.08"]
[SourceQuality "1"]

1. Nf3 c5 2. g3 d5 3. Bg2 Nc6 4. 0-0 Nf6 5. d4 e6 6. dxc5 Bxc5 7. c3 0-0 8. b4 Bd6 9. Na3 Qe7 10. Nb5 Bb8 11. Qc2 a6 12. Nbd4 Nxd4 13. Nxd4 Bd7 14. e4 Rc8 15. exd5 Nxd5 16. Bxd5 exd5 17. Bb2 Qe4 18. Qxe4 dxe4 19. Rfe1 Re8 20. Rad1 Ba7 21. Re3 Bg4 1/2-1/2

[Event "Lodi Weekend Wasken Boys 2nd"]
[Site "Lodi"]
[Date "2014.06.07"]
[Round "2"]
[White "Esposito, Giuseppe"]
[Black "Poletti, Guido"]
[Result "1-0"]
[WhiteElo "1718"]
[BlackElo "1540"]
[PlyCount "91"]
[EventDate "2014.06.06"]
[EventType "swiss"]
[EventRounds "5"]
[EventCountry "ITA"]
[SourceTitle "EXT 2024"]
[Source "ChessBase"]
[SourceDate "2023.10.10"]
[SourceVersion "1"]
[SourceVersionDate "2023.10.10"]
[SourceQuality "1"]

1. e4 Nf6 2. e5 Nd5 3. d4 d6 4. c4 Nb6 5. f4 dxe5 6. fxe5 c6 7. Nf3 Be6 8. b3 h6 9. Be2 Na6 10. 0-0 Nc7 11. Nbd2 Qd7 12. Ne4 Na6 13. a4 Bf5 14. Ng3 e6 15. a5 Nc8 16. Nxf5 exf5 17. Nh4 g6 18. c5 Ne7 19. Bc4 Bg7 20. Bb2 Nd5 21. Re1 Qe6 22. g3 0-0 23. Ng2 Nac7 24. Qf3 b5 25. axb6 axb6 26. cxb6 Nb5 27. Nf4 Qd7 28. Nxd5 Rxa1 29. Rxa1 cxd5 30. Bxd5 Rb8 31. b7 Nc7 32. Ra8 Qd8 33. Rxb8 Qxb8 34. Ba3 Qa7 35. Bc5 Qb8 36. Bd6 Bf8 37. b4 Bxd6 38. exd6 Nb5 39. Bxf7+ Kg7 40. Be6 Nxd6 41. Qd5 Nxb7 42. Qd7+ Kf6 43. Qf7+ Kg5 44. Qe7+ Kg4 45. Kg2 Qd6 46. h3+ 1-0

[Event "Lodi Weekend Wasken Boys 2nd"]
[Site "Lodi"]
[Date "2014.06.07"]
[Round "3"]
[White "Poletti, Guido"]
[Black "Finelli, Carmine"]
[Result "0-1"]
[WhiteElo "1540"]
[BlackElo "1440"]
[PlyCount "70"]
[EventDate "2014.06.06"]
[EventType "swiss"]
[EventRounds "5"]
[EventCountry "ITA"]
[SourceTitle "EXT 2024"]
[Source "ChessBase"]
[SourceDate "2023.10.10"]
[SourceVersion "1"]
[SourceVersionDate "2023.10.10"]
[SourceQuality "1"]

1. c4 d6 2. d4 Bf5 3. Nc3 e6 4. Nf3 Nc6 5. d5 Ne5 6. e4 Bg4 7. Be2 Bxf3 8. gxf3 Be7 9. dxe6 fxe6 10. f4 Nd7 11. f5 exf5 12. exf5 Ne5 13. Rg1 Bf6 14. Nd5 Kf8 15. Nxf6 Qxf6 16. Qc2 Re8 17. Be3 b6 18. 0-0-0 Ne7 19. Bd4 Qh6+ 20. Kb1 Qxh2 21. Rh1 Qf4 22. Be3 Qxf5 23. Bd3 Nxd3 24. Rxd3 Nc6 25. Rh4 Kg8 26. a3 Ne5 27. Rf4 Qxd3 28. Re4 Qxc2+ 29. Kxc2 h6 30. f4 Kh7 31. fxe5 Rxe5 32. Rxe5 dxe5 33. c5 b5 34. c6 a6 35. Kd3 Kg6 0-1

[Event "Crema op 14th"]
[Site "Crema"]
[Date "2012.09.02"]
[Round "5"]
[White "Cappa, Enrico"]
[Black "Poletti, Guido"]
[Result "1-0"]
[WhiteElo "1641"]
[BlackElo "1371"]
[PlyCount "47"]
[EventDate "2012.08.31"]
[EventType "swiss"]
[EventRounds "6"]
[EventCountry "ITA"]
[SourceTitle "EXT 2014"]
[Source "ChessBase"]
[SourceDate "2013.11.20"]
[SourceVersion "1"]
[SourceVersionDate "2013.11.20"]
[SourceQuality "1"]

1. e4 d5 2. exd5 Nf6 3. Nf3 Nxd5 4. c4 Nf6 5. d4 Bg4 6. Be2 e6 7. 0-0 Be7 8. Nc3 0-0 9. Qb3 Nc6 10. d5 Bxf3 11. Bxf3 Nd4 12. Qd1 Nxf3+ 13. Qxf3 exd5 14. Nxd5 Nxd5 15. Rd1 c6 16. cxd5 cxd5 17. Rxd5 Qxd5 18. Qxd5 Rad8 19. Qb3 Rfe8 20. Be3 b6 21. Rd1 Bf6 22. Rxd8 Rxd8 23. g3 Kf8 24. Qa3+ 1-0

[Event "Crema op 14th"]
[Site "Crema"]
[Date "2012.09.01"]
[Round "3"]
[White "Sperli, Maurizio"]
[Black "Poletti, Guido"]
[Result "1-0"]
[WhiteElo "1532"]
[BlackElo "1371"]
[PlyCount "65"]
[EventDate "2012.08.31"]
[EventType "swiss"]
[EventRounds "6"]
[EventCountry "ITA"]
[SourceTitle "EXT 2014"]
[Source "ChessBase"]
[SourceDate "2013.11.20"]
[SourceVersion "1"]
[SourceVersionDate "2013.11.20"]
[SourceQuality "1"]

1. e4 d5 2. exd5 Nf6 3. c4 e6 4. dxe6 Bxe6 5. Nf3 Bd6 6. d4 c6 7. Bd3 0-0 8. 0-0 Qd7 9. Bg5 Be7 10. h3 Bf5 11. Ne5 Qxd4 12. Bxf5 Qxe5 13. Bxf6 Bxf6 14. Qc2 g6 15. Bxg6 hxg6 16. Nc3 Bg7 17. Rfe1 Qc7 18. Ne4 Nd7 19. Rad1 Rad8 20. Nd6 Ne5 21. c5 Rd7 22. f4 Rxd6 23. cxd6 Qb6+ 24. Kh1 Nd7 25. Re7 Qd8 26. Qe2 Bf6 27. Re3 Qb8 28. g4 Rd8 29. g5 Bg7 30. Re7 c5 31. Qc4 Nf6 32. Qxf7+ Kh7 33. Qxg7# 1-0